Statistics for Name The Rolling Stones #1 Songs (US only)

Click here to take the quiz!

General Stats

  • This quiz has been taken 376 times
    (275 since last reset)
  • The average score is 4 of 8

Answer Stats

Hint Answer % Correct
1965Satisfaction
89%
1971Brown Sugar
67%
1966Paint It Black
61%
1973Angie
55%
1978Miss You
50%
1967Ruby Tuesday
40%
1969Honky Tonk Women
34%
1965Get Off Of My Cloud
29%

Score Distribution

Percentile by Number Answered

Percent of People with Each Score

Your Score History

You have not taken this quiz since the last reset